Detalles MARC
| 000 -LEADER |
| fixed length control field |
01461nam a2200349 a 4500 |
| 008 - CAMPO DE CONTROL (LIBRO) |
| fixed length control field |
111130s2001 ag ||||f |||| 001 0 spa d |
| 041 ## - CODIGO DE IDIOMA |
| Código de idioma del texto/pista de sonido o título separado |
spa |
| 092 ## - SIGNATURA TOPOGRAFICA DEWEY LOCAL |
| número de clasificación |
616.8491 |
| libristica |
48 |
| sección |
LIA |
| 100 1# - ENTRADA PRINCIPAL--NOMBRE PERSONAL |
| Nombre personal |
Liaño, Hugo |
| 9 (RLIN) |
1637 |
| 245 #3 - TITULO PROPIAMENTE DICHO |
| Título |
15 supuestos clínicos en cefaleas / |
| Mención de responsabilidad y remanente de la transcripción de la portada |
Hugo Liaño |
| 250 ## - MENCION DE EDICION |
| Mención de edición |
1a ed. |
| 260 ## - PIE DE IMPRENTA |
| Lugar de publicación, distribución, etc |
Madrid: |
| Nombre de la editorial, distribuidor, etc |
Grupo E. Entheos; |
| Fecha de publicación |
2001. |
| 300 ## - DESCRIPCION FISICA |
| Extension |
111 p. |
| 500 ## - NOTA GENERAL |
| Nota general |
Liaño, H. (2001). 15 supuestos clínicos en cefaleas. (1a ed.). Madrid : Grupo E. Entheos. |
| 590 ## - NOTAS LOCALES (RLIN) |
| Nota local |
Donación Dra. Natalia Fernández Noviembre 2011 |
| 653 ## - TÉRMINO INDIZADO - PALABRAS CLAVES |
| Palabra clave |
Diagnóstico de migraña: historia clínica |
| 653 ## - TÉRMINO INDIZADO - PALABRAS CLAVES |
| Palabra clave |
Diagnóstico de migraña: ¿por qué consulta el paciente? |
| 653 ## - TÉRMINO INDIZADO - PALABRAS CLAVES |
| Palabra clave |
Diagnóstico de migraña: exploración neurológica |
| 653 ## - TÉRMINO INDIZADO - PALABRAS CLAVES |
| Palabra clave |
Migraña con aura clásica |
| 653 ## - TÉRMINO INDIZADO - PALABRAS CLAVES |
| Palabra clave |
Migraña con aura atípica: migraña basilar |
| 653 ## - TÉRMINO INDIZADO - PALABRAS CLAVES |
| Palabra clave |
Estado de mal migrañoso (status migrañoso) |
| 653 ## - TÉRMINO INDIZADO - PALABRAS CLAVES |
| Palabra clave |
Tratamiento de la crisis de migraña: analgésicos, antiinflamatorios no esteroideos y triptanes |
| 653 ## - TÉRMINO INDIZADO - PALABRAS CLAVES |
| Palabra clave |
Tratamiento de la migraña: ¿prevención? |
| 653 ## - TÉRMINO INDIZADO - PALABRAS CLAVES |
| Palabra clave |
Cefalea tensional crónica |
| 653 ## - TÉRMINO INDIZADO - PALABRAS CLAVES |
| Palabra clave |
Cefalea crónica diaria por abuso de fármacos |
| 653 ## - TÉRMINO INDIZADO - PALABRAS CLAVES |
| Palabra clave |
Migraña menstrual |
| 653 ## - TÉRMINO INDIZADO - PALABRAS CLAVES |
| Palabra clave |
Migraña en mujer menopáusica |
| 653 ## - TÉRMINO INDIZADO - PALABRAS CLAVES |
| Palabra clave |
Diagnóstico diferencial: migraña y cefalea en racimos |
| 653 ## - TÉRMINO INDIZADO - PALABRAS CLAVES |
| Palabra clave |
Cefalea tensional en paciente migrañoso |
| 653 ## - TÉRMINO INDIZADO - PALABRAS CLAVES |
| Palabra clave |
Control del paciente con migraña |
| 942 ## - ADDED ENTRY ELEMENTS (KOHA) |
| Source of classification or shelving scheme |
Dewey Decimal Classification |
| Item type |
Libros |